• 首页
  • 本馆介绍
  • 公告通知
  • 最新文献
  • 馆藏检索
  • 电子资源
  • 读者导购
  • 参考咨询
  • 我的图书馆
  • 登录
  • 详细信息显示
  • 放入我的书架
  • 预约/预借图书
  • 作者相关作品
  • 分类相关作品
  • 丛书相关作品
  • 出版社相关作品

书目信息

  • 表格格式
  • 工作单格式
  • 卡片格式
题名:
尼采思想传记
    
 
作者: 萨弗兰斯基 , Safranski 著 ;卫茂平 译
分册:  
出版信息: 上海   华东师范大学出版社  2007
页数: 454页
开本: 21cm
丛书名: 尼采注疏集
单 册:
中图分类: B516.47
科图分类:
主题词: 哲学思想
电子资源:
ISBN: 978-7-8617-4909-8
000 01216oam2 2200313 450
001 012007979236
005 20070516184107.81
010    @a978-7-8617-4909-8@dCNY34.80
100    @a20070131d2007 km y0chiy0120 ea
101 1  @achi@cger
102    @aCN@b310000
105    @ay z 000yy
106    @ar
200 1  @a尼采思想传记@Ani cai si xiang zhuan ji@f(德)萨弗兰斯基(Rudiger Safranski)著@F(de)sa fu lan si ji(Rudiger Safranski)zhu@g卫茂平译@Gwei mao ping yi
210    @a上海@c华东师范大学出版社@d2007
215    @a454页@d21cm
225 2  @a尼采注疏集@i笺注本尼采著作全集
330    @a本书从尼采的酷爱音乐着手,顺着他生平的重大事件与著述顺序,清晰地展示出尼采思想的发展脉络与主旨,最后以其思想对后世之影响的提示收束。
462  0 @12001 @a笺注本尼采著作全集
510 1  @aNietzsche-biographie seines denkens@zger
600  1 @a尼采@c(Nietzsche,Friedrich Wilhelm@f1844-1900)@x哲学思想@x研究
600  1 @a尼采@c(Nietzsche,Friedrich Wilhelm@f1844-1900)
606 0  @a哲学思想
690    @aB516.47@v4
701  1 @c(德)@a萨弗兰斯基@Asa fu lan si ji@bR.@4著
701  1 @c(德)@aSafranski@bRudiger@4著
702  0 @a卫茂平@Awei mao ping@4译
801  0 @aCN@bRULIN@c20070516
905    @dB516.47@e120@s5
    
    尼采思想传记/(德)萨弗兰斯基(Rudiger Safranski)著/卫茂平译.-上海:华东师范大学出版社,2007
    454页;21cm.-(尼采注疏集.笺注本尼采著作全集)
    
    
    ISBN 978-7-8617-4909-8:CNY34.80
    本书从尼采的酷爱音乐着手,顺着他生平的重大事件与著述顺序,清晰地展示出尼采思想的发展脉络与主旨,最后以其思想对后世之影响的提示收束。
●
相关链接 在E读中查询图书 在五车中查询图书 在当当中查询图书 在豆瓣中查询图书


正题名:尼采思想传记     索取号:B516.47/120         预约/预借

序号 登录号 条形码 馆藏地/架位号 状态 备注
1 0572535   205725358   第一样本阅览室/ [索取号:B516.47/120] 在馆    
2 0572536   205725367   教育系资料室/ [索取号:B516.47/120] 在馆    
3 0572537   205725376   第一借阅区/ [索取号:B516.47/120] 在馆    
4 0572538   205725385   教育系资料室/ [索取号:B516.47/120] 在馆    
5 0572539   205725394   第一借阅区/ [索取号:B516.47/120] 在馆    
唐山师范学院图书馆 欢迎您!
大连网信软件有限公司© 版权所有